KFZ-Kennzeichen Österreich - Statistiken

Allgemein
  • Dieses Quiz wurde 395 mal gespielt
    366 seit der letzten Aktualisierung
  • Das Durchschnittsergebnis liegt bei 67 aus 97
Antwortstatistiken
Abk. Antwort % Korrekt
E Eisenstadt - Stadt
94%
K Klagenfurt - Stadt
93%
VI Villach
91%
KL Klagenfurt - Land
90%
AM Amstetten
89%
S Salzburg - Stadt
88%
SL Salzburg - Land
87%
EU Eisenstadt - Umgebung
86%
LL Linz - Land
86%
L Linz - Stadt
86%
P St. Pölten - Stadt
85%
G Graz
84%
PL St. Pölten - Land
84%
I Innsbruck - Stadt
83%
W Wien
83%
B Bregenz
81%
TU Tulln
80%
IL Innsbruck - Land
79%
VL Villach - Land
78%
OW Oberwart
77%
ZE Zell am See
77%
DO Dornbirn
76%
HA Hallein
76%
MD Mödling
76%
WE Wels - Stadt
76%
WN Wiener Neustadt - Stadt
76%
GM Gmunden
75%
GU Graz - Umgebung
75%
KO Korneuburg
75%
MA Mattersburg
75%
WL Wels - Land
75%
FK Feldkirch
74%
KU Kufstein
74%
JO St. Johann im Pongau
74%
WO Wolfsberg
74%
FE Feldkirchen
73%
JE Jennersdorf
73%
SP Spittal an der Drau
73%
KB Kitzbühel
72%
ND Neusiedl am See
72%
BN Baden
71%
BR Braunau
71%
GS Güssing
71%
KS Krems an der Donau - Stadt
71%
OP Oberpullendorf
71%
VB Vöcklabruck
71%
ZT Zwettl
71%
BZ Bludenz
70%
IM Imst
70%
RI Ried im Innkreis
70%
HL Hollabrunn
68%
ME Melk
68%
SV St. Veit an der Glan
68%
TA Tamsweg
68%
UU Urfahr - Umgebung
68%
WY Waidhofen an der Ybbs
67%
BM Bruck - Mürzzuschlag
65%
EF Eferding
65%
LB Leibnitz
65%
LE Leoben - Stadt
65%
VK Völkermarkt
65%
FR Freistadt
64%
LI Liezen
64%
GF Gänserndorf
63%
HE Hermagor
63%
NK Neunkirchen
63%
PE Perg
63%
WZ Weiz
63%
MI Mistelbach
62%
LZ Lienz
61%
SZ Schwaz
61%
RO Rohrbach
59%
SR Steyr Stadt
59%
VO Voitsberg
59%
WT Waidhofen an der Thaya
59%
DL Deutschlandsberg
58%
HF Hartberg - Fürstenfeld
58%
LA Landeck
58%
LF Lilienfeld
58%
MU Murau
58%
SW Schwechat
58%
KG Klosterneuburg
57%
SB Scheibbs
57%
BL Bruck an der Leitha
56%
GR Grieskirchen
56%
HO Horn
56%
KI Kirchdorf an der Krems
56%
MT Murtal
56%
KR Krems - Land
55%
RE Reutte
55%
SD Schärding
55%
GD Gmünd
54%
SE Steyr - Land
53%
SO Südoststeiermark
52%
WB Wiener Neustadt - Land
52%
GB Gröbming
47%
LN Leoben - Umgebung
47%
Keine übereinstimmenden Quizze gefunden
Verteilung der Resultate
Anzahl Personen mit jedem Resultat
Perzentil nach korrekt beantworteten Fragen
Ihre Resultats-Entwicklung
Sie haben dieses Quiz seit der letzten Aktualisierung nicht gespielt